Score 0/9 Timer 01:00
0 Plays Today
% Correct
punt
88.8%
bunt
86.8%
runt
86.7%
blunt
73.4%
brunt
70.4%
stunt
62.1%
shunt
60.5%
grunt
53.1%
front
40.8%
Remove Ads.
Support Sporcle.
Get the best of Sporcle when you Go Orange. This ad-free experience offers more features, more stats, and more fun while also helping to support Sporcle. Thank you for becoming a member.

You're not logged in!

Compare scores with friends on all Sporcle quizzes.
OR
Log In

Show Comments

Extras

Top Quizzes Today


Score Distribution

Your Account Isn't Verified!

In order to create a playlist on Sporcle, you need to verify the email address you used during registration. Go to your Sporcle Settings to finish the process.

Report this User

Report this user for behavior that violates our Community Guidelines.

Details: